Corrupt and opaque, Italy can still pull in the investors (Record no. 82238)

MARC details
000 -LEADER
fixed length control field 00847cam a22001935a 4500
001 - CONTROL NUMBER
control field L149634
008 - FIXED-LENGTH DATA ELEMENTS--GENERAL INFORMATION
fixed length control field 100329e2010 xxk 000 0 eng d
035 ## - SYSTEM CONTROL NUMBER
System control number (Sirsi) u149634
041 0# - LANGUAGE CODE
Language code of text/sound track or separate title eng
110 2# - MAIN ENTRY--CORPORATE NAME
Corporate name or jurisdiction name as entry element EuroProperty
9 (RLIN) 1216
245 00 - TITLE STATEMENT
Title Corrupt and opaque, Italy can still pull in the investors
260 ## - PUBLICATION, DISTRIBUTION, ETC.
Date of publication, distribution, etc. 2010
490 ## - SERIES STATEMENT
Series statement EuroProperty
Volume/sequential designation 1 March 2010, 8-9(2)
520 ## - SUMMARY, ETC.
Summary, etc. The Italian property sector has been badly hit by scandals over the past few years at both private and institutional level. Italy ranks 63rd in the 2009 "Corruption perception index". Italy remains however attractive to foreign property investors, particularly with firms with strong corporate governance.
590 ## - LOCAL NOTE (RLIN)
Local note KA
651 #4 - SUBJECT ADDED ENTRY--GEOGRAPHIC NAME
Geographic name Italia = Italy
Chronological subdivision 1992-
690 ## - LOCAL SUBJECT ADDED ENTRY--TOPICAL TERM (OCLC, RLIN)
Topical term or geographic name as entry element PROPERTY-COMMERCIAL PROPERTY-COMMERCIAL PROPERTY FINANCE AND INVESTMENT
942 ## - ADDED ENTRY ELEMENTS (KOHA)
Suppress in OPAC 0
Holdings
Withdrawn status Lost status Source of classification or shelving scheme Damaged status Not for loan Home library Current library Shelving location Date acquired Total Checkouts Full call number Barcode Date last seen Copy number Price effective from Koha item type
    Dewey Decimal Classification     London London Journal article 29/03/2010   L149634 149634-1001 06/08/2019 1 06/08/2019 Journal article